000 00627nam a2200181 4500
010 _a616790
035 _a616790
037 _bCen Lib / Ret
040 _aDPL
_bEn
082 _a627
_bBUC
245 _aHydrology of deltas :
_b; proceedings of the Bucharest symposium, 6-14 May 1969. Hydrologie des deltas; actes du colloque de Bucarest, 6-14, mai 1969. /
260 _aParis
_bIASH/AIHS Unesco
_c1970
270 _aPlace de Fontenoy, 75
_bParis
300 _a(v 2. 239-490)
_b24cm(Hb)
650 _aDeltas -- Congresses.
650 _aSediments (Geology) -- Congresses.
942 _2ddc
_cEN
_h627
_mBUC
999 _c136727
_d136727